Music Quiz

Random Music or Artist Quiz

Bands By Last Name II Quiz Stats

 Plays Quiz Updated May 10, 2018

Score 0/20 Timer 04:00
2 Plays Today
% Correct
Fleetwood Mac
91.3%
KISS
90.6%
Foo Fighters
89.6%
Bee Gees
89.2%
Cream
86.5%
Blondie
82.7%
Eagles
82.4%
Oasis
81.9%
Pearl Jam
81.5%
R.E.M.
79.8%
% Correct
The Who
79.8%
Green Day
78.6%
Hole
77.5%
The Cranberries
75.3%
Big Brother and the Holding Company
72%
Lynyrd Skynyrd
68%
Garbage
63%
U2
58.6%
Rush
53.5%
Sleater-Kinney
51.8%

You're not logged in!

Compare scores with friends on all Sporcle quizzes.
OR
Log In

Sporcle TV

Today on Sporcle TV


Watch our educational content, quiz creation guides, and fun videos on Sporcle TV.

Show Comments

Extras

Top Quizzes Today


Score Distribution

Your Account Isn't Verified!

In order to create a playlist on Sporcle, you need to verify the email address you used during registration. Go to your Sporcle Settings to finish the process.

Report this User

Report this user for behavior that violates our Community Guidelines.

Details: